Reprints of the documents and proceedings of the Board of Trustees of the University of the South prior to 1860 / (Record no. 91213)

MARC details
000 -LEADER
fixed length control field 00703cam a22001931 4500
001 - CONTROL NUMBER
control field tmp96021756
003 - CONTROL NUMBER IDENTIFIER
control field DLC
005 - DATE AND TIME OF LATEST TRANSACTION
control field 20260227112756.0
008 - FIXED-LENGTH DATA ELEMENTS--GENERAL INFORMATION
fixed length control field 090618s1888 tnu 000 0 eng
010 ## - LIBRARY OF CONGRESS CONTROL NUMBER
LC control number tmp96021756
040 ## - CATALOGING SOURCE
Original cataloging agency DLC
Transcribing agency DLC
Modifying agency DLC
050 00 - LIBRARY OF CONGRESS CALL NUMBER
Classification number LD4993
Item number .A223
110 2# - MAIN ENTRY--CORPORATE NAME
Corporate name or jurisdiction name as entry element University of the South.
Subordinate unit Board of Trustees.
245 10 - TITLE STATEMENT
Title Reprints of the documents and proceedings of the Board of Trustees of the University of the South prior to 1860 /
Statement of responsibility, etc. edited by the Rev. Telfair Hodgson.
260 ## - PUBLICATION, DISTRIBUTION, ETC.
Place of publication, distribution, etc. [Sewanee, Tenn. :
Name of publisher, distributor, etc. Printed at the University of the South Press,
Date of publication, distribution, etc. 1888]
300 ## - PHYSICAL DESCRIPTION
Extent 227 p. ;
Dimensions 19 cm.
610 20 - SUBJECT ADDED ENTRY--CORPORATE NAME
Corporate name or jurisdiction name as entry element University of the South.
700 1# - ADDED ENTRY--PERSONAL NAME
Personal name Hodgson, Telfair,
Dates associated with a name 1840-1893.

No items available.

Powered by Koha